000 00676nam a2200157 a 4500
008 120416s1996 xx |||||||||||||| || u
050 _aTHESIS/STUDENT
100 _aTembo, Chisoni Joseph
245 1 4 _aThe role of quality in a competitive market case study
_cthesis supervised by W. Mainga
246 _aConsolidated Tyre Services
260 _a
_bCopperbelt University, School of Business, Department of Production Management
_c1996
350 _a0.00
650 _aTotal quality management - Case studies
650 _aPRODUCTION
995 _D0.00
_FCBU-MAIN LIBRARY (Kitwe)
_H1
_I0.00
_UAVAILABLE
_ZUniversity Collection
999 _c56697
_d56697